| 000 | 00548nam a2200193 a 4500 | ||
|---|---|---|---|
| 001 | 1760612383898 | ||
| 003 | ACL | ||
| 005 | 20251016163316.0 | ||
| 008 | 251016s2008##################000#0#eng## | ||
| 020 | _a9780071549882 | ||
| 082 | 0 | 4 |
_a658.4092 _bKAS |
| 100 | 1 |
_aKase, Larina, _eauthor. |
|
| 245 | 1 | 0 | _aThe Confident Leader: How the Most Successful People Go From Effective to Exceptional : |
| 260 |
_bMcGraw-Hill Education, _c2008. |
||
| 300 | _a256 pages | ||
| 650 | 0 | _aBusiness & Economics. | |
| 942 | _cENGLISH | ||
| 040 |
_aACL _beng _cACL |
||
| 999 |
_c591974 _d591974 |
||